000 00469nam a22001937a 4500
003 bpm
005 20260427103045.0
008 260427b |||||||| |||| 00| p spa d
024 _aS. C. C. / M. C. y E. M.:
040 _aAR-CtUCP
041 _aspa
080 _aCDU
100 _aMauriño Alejandro
245 _aQuince breves :
_bpoemas del corazón
260 _aCorrientes
_bUNNE
_c2001
650 _aLiteratura - Poesía
942 _cLIB
999 _c76695
_d76695